[Event "Bashkortostan-ch"]
[Site "Ufa"]
[Date "2017.12.17"]
[Round "9"]
[White "Jamilov, Robert F"]
[Black "Darmin, Dmitry"]
[Result "1/2-1/2"]
[WhiteElo "2447"]
[BlackElo "2402"]
[PlyCount "21"]
[EventDate "2017.12.11"]
[EventType "tourn"]
[EventRounds "9"]
[EventCountry "RUS"]
[SourceTitle "EXT 2019"]
[Source "ChessBase"]
[SourceDate "2018.10.10"]
[SourceVersion "1"]
[SourceVersionDate "2018.10.10"]
[SourceQuality "1"]

1. d4 d5 2. Bf4 Nf6 3. e3 e6 4. Nd2 c5 5. c3 Nc6 6. Ngf3 Bd6 7. Bxd6 Qxd6 8. Bd3 0-0 9. 0-0 e5 10. dxe5 Nxe5 11. Nxe5 1/2-1/2

[Event "Bashkortostan-ch"]
[Site "Ufa"]
[Date "2017.12.16"]
[Round "7"]
[White "Jamilov, Robert F"]
[Black "Tagirov, Artur"]
[Result "1-0"]
[WhiteElo "2447"]
[BlackElo "2088"]
[PlyCount "62"]
[EventDate "2017.12.11"]
[EventType "tourn"]
[EventRounds "9"]
[EventCountry "RUS"]
[SourceTitle "EXT 2019"]
[Source "ChessBase"]
[SourceDate "2018.10.10"]
[SourceVersion "1"]
[SourceVersionDate "2018.10.10"]
[SourceQuality "1"]

1. b3 d5 2. Bb2 c5 3. e3 Nc6 4. Bb5 Nf6 5. Nf3 Bg4 6. h3 Bxf3 7. Bxc6+ bxc6 8. Qxf3 e6 9. d3 Bd6 10. 0-0 0-0 11. e4 e5 12. Nc3 d4 13. Na4 h6 14. Bc1 Nh7 15. Qg4 Qc8 16. Qxc8 Raxc8 17. Ba3 f5 18. f3 fxe4 19. fxe4 Rf7 20. Bxc5 Bxc5 21. Nxc5 Nf8 22. b4 Rf6 23. Rf5 Ne6 24. Raf1 Kf7 25. Nd7 Rxf5 26. exf5 Nc7 27. Nxe5+ Kf6 28. Nd7+ Kg5 29. Nc5 Rb8 30. Ne4+ Kh5 31. Rf4 Nd5 1-0

[Event "Bashkortostan-ch"]
[Site "Ufa"]
[Date "2017.12.14"]
[Round "4"]
[White "Abelguzin, Dinar"]
[Black "Jamilov, Robert F"]
[Result "0-1"]
[WhiteElo "2399"]
[BlackElo "2447"]
[PlyCount "62"]
[EventDate "2017.12.11"]
[EventType "tourn"]
[EventRounds "9"]
[EventCountry "RUS"]
[SourceTitle "EXT 2019"]
[Source "ChessBase"]
[SourceDate "2018.10.10"]
[SourceVersion "1"]
[SourceVersionDate "2018.10.10"]
[SourceQuality "1"]

1. e4 e5 2. Nf3 d6 3. d4 exd4 4. Nxd4 Nf6 5. Nc3 Be7 6. g3 0-0 7. Bg2 c6 8. 0-0 Re8 9. a3 a5 10. b3 Na6 11. Bb2 Bf8 12. Qd2 g6 13. h3 Bg7 14. Rad1 Nc5 15. Rfe1 Qb6 16. Qf4 Nfd7 17. Nf3 a4 18. b4 Ne5 19. Rxd6 Ne6 20. Nd5 cxd5 21. Rxb6 Nxf4 22. Nxe5 Bxe5 23. exd5 Nxg2 24. Kxg2 Bxh3+ 25. Kxh3 Bxb2 26. Rxe8+ Rxe8 27. c4 Bxa3 28. Rxb7 Ra8 29. c5 Bb2 30. d6 a3 31. d7 a2 0-1

[Event "Ufa Gumerov Memorial 5th"]
[Site "Ufa"]
[Date "2016.08.08"]
[Round "6"]
[White "Jamilov, Robert F"]
[Black "Tsyhanchuk, Stanislav"]
[Result "1/2-1/2"]
[WhiteElo "2447"]
[BlackElo "2351"]
[PlyCount "36"]
[EventDate "2016.08.05"]
[EventType "tourn"]
[EventRounds "9"]
[EventCountry "RUS"]
[EventCategory "3"]
[SourceTitle "CBM 173 Extra"]
[Source "ChessBase"]
[SourceDate "2016.08.29"]
[SourceVersion "1"]
[SourceVersionDate "2016.08.29"]
[SourceQuality "1"]

1. b3 d5 2. Bb2 Bg4 3. g3 Nd7 4. Bg2 c6 5. Nf3 Ngf6 6. d3 e6 7. Nbd2 a5 8. a4 Bb4 9. h3 Bxf3 10. Bxf3 e5 11. e3 0-0 12. g4 e4 13. g5 exf3 14. gxf6 Nxf6 15. Qxf3 Nd7 16. h4 f6 17. h5 Ne5 18. Qg3 Qe7 1/2-1/2

[Event "Volga Region-ch 12th"]
[Site "Togliatti"]
[Date "2014.03.14"]
[Round "1"]
[White "Jamilov, Robert F"]
[Black "Emeljanov, Vadim"]
[Result "1-0"]
[WhiteElo "2425"]
[BlackElo "2071"]
[PlyCount "67"]
[EventDate "2014.03.14"]
[EventType "swiss"]
[EventRounds "9"]
[EventCountry "RUS"]
[SourceTitle "CBM 159 Extra"]
[Source "ChessBase"]
[SourceDate "2014.04.24"]
[SourceVersion "1"]
[SourceVersionDate "2014.04.24"]
[SourceQuality "1"]

1. e4 d6 2. d4 Nf6 3. Nc3 e5 4. dxe5 dxe5 5. Qxd8+ Kxd8 6. f4 Bb4 7. Bd3 Nbd7 8. Nf3 Re8 9. fxe5 Ng4 10. Bg5+ Be7 11. Bf4 Bb4 12. 0-0 Bc5+ 13. Kh1 Nf2+ 14. Rxf2 Bxf2 15. Rf1 Bc5 16. Ng5 Nb6 17. Nxf7+ Ke7 18. Bg5+ Kd7 19. a4 h6 20. Bh4 a5 21. Be2 c6 22. Nd5 cxd5 23. Bb5+ Kc7 24. Bxe8 Bg4 25. Nd6 Bxd6 26. Rf7+ Nd7 27. exd6+ Kxd6 28. Bg3+ Ne5 29. Bb5 dxe4 30. Rxg7 Bf5 31. Rxb7 Rc8 32. c4 e3 33. h3 Be4 34. Rb6+ 1-0

[Event "Ufa SFGU Cup tt"]
[Site "Ufa"]
[Date "2012.12.06"]
[Round "4"]
[White "Glidzhain, Gor Mikhailovich"]
[Black "Jamilov, Robert F"]
[Result "0-1"]
[WhiteElo "2331"]
[BlackElo "2418"]
[PlyCount "72"]
[EventDate "2012.12.03"]
[EventType "team-swiss"]
[EventRounds "7"]
[EventCountry "RUS"]
[SourceTitle "CBM 152 Extra"]
[Source "ChessBase"]
[SourceDate "2013.02.25"]
[SourceVersion "1"]
[SourceVersionDate "2013.02.25"]
[SourceQuality "1"]

1. e4 d6 2. Nf3 Nf6 3. Nc3 e5 4. d4 Nbd7 5. Bc4 Be7 6. Bg5 0-0 7. Qd2 c6 8. 0-0-0 b5 9. Bd3 Ng4 10. Bxe7 Qxe7 11. h3 Ngf6 12. g4 a5 13. Ne2 c5 14. dxe5 Nxe5 15. Nxe5 Qxe5 16. g5 Nxe4 17. Bxe4 Qxe4 18. Nc3 Qc4 19. Qxd6 b4 20. Nd5 Bb7 21. b3 Qh4 22. Qg3 Qxg3 23. fxg3 Rfd8 24. Ne7+ Kf8 25. Rhe1 Rxd1+ 26. Kxd1 Rd8+ 27. Kc1 Re8 28. Re5 Rxe7 29. Rxc5 Be4 30. a3 Bg6 31. axb4 axb4 32. h4 Re3 33. Rc4 Rc3 34. Rxb4 Rxc2+ 35. Kd1 Rg2 36. g4 Rxg4 0-1

[Event "Ufa Abelguzin Cup"]
[Site "Ufa"]
[Date "2012.03.26"]
[Round "3"]
[White "Glidzhain, Gor Mikhailovich"]
[Black "Jamilov, Robert F"]
[Result "0-1"]
[WhiteElo "2354"]
[BlackElo "2429"]
[PlyCount "76"]
[EventDate "2012.03.23"]
[EventType "tourn"]
[EventRounds "9"]
[EventCountry "RUS"]
[SourceTitle "EXT 2013"]
[Source "ChessBase"]
[SourceDate "2012.11.22"]
[SourceVersion "1"]
[SourceVersionDate "2012.11.22"]
[SourceQuality "1"]

1. d4 Nf6 2. c4 e6 3. Nf3 b6 4. a3 Bb7 5. Bg5 h6 6. Bxf6 Qxf6 7. Nc3 g5 8. d5 Bg7 9. e3 d6 10. Bd3 Nd7 11. Nd4 Qe7 12. dxe6 fxe6 13. Bg6+ Kf8 14. 0-0 Ne5 15. Be4 Bxe4 16. Nxe4 Kg8 17. Rc1 g4 18. b4 h5 19. Kh1 Rf8 20. c5 bxc5 21. bxc5 d5 22. Ng5 Qxg5 23. Nxe6 Qf5 24. Nxf8 c6 25. Qa4 Bxf8 26. Qxa7 h4 27. f4 Nd3 28. Rc2 h3 29. Qa4 Nxc5 30. Qxc6 Qxc2 31. Qxd5+ Kg7 32. Qg5+ Qg6 33. Qe5+ Qf6 34. Qc7+ Qe7 35. Qc6 hxg2+ 36. Qxg2 Qe4 37. Qxe4 Nxe4 38. Kg2 Rh3 0-1

[Event "Ufa Kopylov Memorial op-B 8th"]
[Site "Ufa "]
[Date "2011.12.23"]
[Round "4.12"]
[White "Jamilov, Robert F"]
[Black "Kalegin, Evgenij"]
[Result "0-1"]
[WhiteElo "2372"]
[BlackElo "2480"]
[PlyCount "20"]
[EventDate "2011.12.15"]
[EventType "k.o."]
[EventRounds "7"]
[EventCountry "RUS"]
[SourceTitle "EXT 2014"]
[Source "ChessBase"]
[SourceDate "2013.11.20"]
[SourceVersion "1"]
[SourceVersionDate "2013.11.20"]
[SourceQuality "1"]

1. e4 c5 2. Nf3 e6 3. c3 Nf6 4. e5 Nd5 5. d4 cxd4 6. cxd4 d6 7. Bd3 dxe5 8. dxe5 Nb4 9. Be4 Qxd1+ 10. Kxd1 Nd7 0-1

[Event "Ufa Kopylov Memorial op-B 8th"]
[Site "Ufa "]
[Date "2011.12.15"]
[Round "1.21"]
[White "Jamilov, Robert F"]
[Black "Churaev, Raif"]
[Result "1-0"]
[WhiteElo "2372"]
[BlackElo "2091"]
[PlyCount "53"]
[EventDate "2011.12.15"]
[EventType "k.o."]
[EventRounds "7"]
[EventCountry "RUS"]
[SourceTitle "EXT 2014"]
[Source "ChessBase"]
[SourceDate "2013.11.20"]
[SourceVersion "1"]
[SourceVersionDate "2013.11.20"]
[SourceQuality "1"]

1. e4 c5 2. Nf3 Nc6 3. Bb5 e6 4. 0-0 Nge7 5. c3 d5 6. exd5 Qxd5 7. d3 Bd7 8. Nbd2 Ng6 9. Re1 Be7 10. Ne4 Nce5 11. c4 Nxf3+ 12. Qxf3 Nh4 13. Qg3 Qh5 14. Qxg7 0-0-0 15. Bxd7+ Kxd7 16. Ng3 Qg6 17. Qc3 Bd6 18. d4 Qg7 19. Qa5 cxd4 20. Qxa7 Kc6 21. Qa4+ Kc7 22. Qa5+ Kb8 23. Bg5 Bc7 24. Qd2 Bxg3 25. hxg3 Nf5 26. Bf4+ Kc8 27. Qa5 1-0

[Event "Ufa-ch Higher league"]
[Site "Ufa"]
[Date "2011.11.20"]
[Round "1.2"]
[White "Jamilov, Robert F"]
[Black "Kiselev, Artiom"]
[Result "1/2-1/2"]
[WhiteElo "2372"]
[BlackElo "2263"]
[PlyCount "101"]
[EventDate "2011.11.20"]
[EventType "tourn"]
[EventRounds "9"]
[EventCountry "RUS"]
[SourceTitle "EXT 2022"]
[Source "ChessBase"]
[SourceDate "2021.10.06"]
[SourceVersion "1"]
[SourceVersionDate "2021.10.06"]
[SourceQuality "1"]

1. e4 g6 2. d4 Bg7 3. Nf3 d6 4. Bc4 e6 5. Bg5 Ne7 6. Nc3 b6 7. Qd2 h6 8. Be3 Bb7 9. 0-0-0 Nd7 10. h4 a6 11. h5 g5 12. d5 e5 13. Be2 b5 14. g4 Nc8 15. b3 Ncb6 16. a4 b4 17. Nb1 a5 18. Bb5 Kf8 19. Ne1 Bf6 20. c3 bxc3 21. Qxc3 Kg7 22. Kb2 Ba6 23. Na3 Nc5 24. Bxc5 dxc5 25. Bxa6 Rxa6 26. Ka2 Qd7 27. Nd3 Qxg4 28. Nxc5 Raa8 29. Nc2 Kh7 30. d6 Qf4 31. dxc7 Rac8 32. Nd7 Na8 33. Nxf6+ Qxf6 34. Rd7 Nb6 35. Rd2 Na8 36. Rd7 Nb6 37. Rd3 Qe7 38. Qxa5 Qxc7 39. Na3 Ra8 40. Qd2 Rhc8 41. Rd1 Nc4 42. bxc4 Rxa4 43. f3 Qxc4+ 44. Ka1 Rd8 45. Rxd8 Rxa3+ 46. Kb1 Rb3+ 47. Ka1 Qa4+ 48. Qa2 Ra3 49. R1d2 Rxa2+ 50. Rxa2 Qc4 51. Raa8 1/2-1/2

[Event "Ufa Siamidi Memorial"]
[Site "Ufa"]
[Date "2011.10.22"]
[Round "7.2"]
[White "Jamilov, Robert F"]
[Black "Mukhametdinov, Ilyas"]
[Result "1-0"]
[WhiteElo "2418"]
[BlackElo "1954"]
[PlyCount "63"]
[EventDate "2011.10.16"]
[EventType "swiss"]
[EventRounds "9"]
[EventCountry "RUS"]
[SourceTitle "EXT 2012"]
[Source "ChessBase"]
[SourceDate "2011.11.24"]
[SourceVersion "1"]
[SourceVersionDate "2011.11.24"]
[SourceQuality "1"]

1. e4 c5 2. c3 d5 3. exd5 Qxd5 4. d4 Nc6 5. Nf3 Bg4 6. Be2 e6 7. h3 Bh5 8. c4 Qd8 9. d5 Bxf3 10. Bxf3 Nd4 11. dxe6 fxe6 12. Bxb7 Rb8 13. Be4 Nf6 14. Nc3 Bd6 15. 0-0 0-0 16. Bd3 Bc7 17. Nb5 Nxb5 18. cxb5 Qd6 19. g3 Rfd8 20. Be2 Qe5 21. Qc2 Nh5 22. f4 Qd4+ 23. Kg2 Nf6 24. Rd1 Qb4 25. Bd2 Qe4+ 26. Qxe4 Nxe4 27. Be3 Bb6 28. Bc4 Kf7 29. f5 Bc7 30. fxe6+ Kf6 31. Rf1+ Kg6 32. e7 1-0

[Event "Ufa Siamidi Memorial"]
[Site "Ufa"]
[Date "2011.10.20"]
[Round "5.1"]
[White "Jamilov, Robert F"]
[Black "Glidzhain, Gor Mikhailovich"]
[Result "1/2-1/2"]
[WhiteElo "2418"]
[BlackElo "2331"]
[PlyCount "33"]
[EventDate "2011.10.16"]
[EventType "swiss"]
[EventRounds "9"]
[EventCountry "RUS"]
[SourceTitle "EXT 2012"]
[Source "ChessBase"]
[SourceDate "2011.11.24"]
[SourceVersion "1"]
[SourceVersionDate "2011.11.24"]
[SourceQuality "1"]

1. e4 e5 2. Nf3 Nc6 3. Bb5 a6 4. Ba4 Nf6 5. d3 b5 6. Bb3 Be7 7. a4 b4 8. Nbd2 0-0 9. 0-0 d6 10. a5 Rb8 11. Bc4 Be6 12. Re1 Bxc4 13. dxc4 Nd7 14. Nb3 Qc8 15. Be3 Nd8 16. Qd2 Ne6 17. h4 1/2-1/2

[Event "Ufa Siamidi Memorial"]
[Site "Ufa"]
[Date "2011.10.16"]
[Round "1.1"]
[White "Jamilov, Robert F"]
[Black "Jangurazov, Albert"]
[Result "1-0"]
[WhiteElo "2418"]
[BlackElo "1902"]
[PlyCount "69"]
[EventDate "2011.10.16"]
[EventType "swiss"]
[EventRounds "9"]
[EventCountry "RUS"]
[SourceTitle "EXT 2012"]
[Source "ChessBase"]
[SourceDate "2011.11.24"]
[SourceVersion "1"]
[SourceVersionDate "2011.11.24"]
[SourceQuality "1"]

1. e4 g6 2. d4 c6 3. c3 Bg7 4. Bd3 d5 5. e5 h5 6. Nf3 Bg4 7. h3 Bxf3 8. Qxf3 e6 9. Nd2 Nd7 10. Qe2 c5 11. Nf3 Qb6 12. dxc5 Qxc5 13. Bf4 Ne7 14. 0-0 Nf5 15. Bxf5 gxf5 16. Rac1 Nb6 17. b3 0-0-0 18. Nd4 Kb8 19. a4 a6 20. Qe3 Ka8 21. Nxf5 Qxe3 22. Bxe3 exf5 23. Bxb6 Rd7 24. Bd4 Rc7 25. Rfe1 Rc6 26. e6 Bxd4 27. e7 Re8 28. cxd4 Re6 29. Re5 Rxe5 30. dxe5 Rxe7 31. f4 Kb8 32. b4 a5 33. Rc5 axb4 34. Rb5 b3 35. Rxb3 1-0

[Event "Ufa Kopylov Memorial"]
[Site "Ufa"]
[Date "2010.12.27"]
[Round "8"]
[White "Imashev, Ildar"]
[Black "Jamilov, Robert F"]
[Result "1/2-1/2"]
[WhiteElo "2283"]
[BlackElo "2412"]
[PlyCount "105"]
[EventDate "2010.12.21"]
[EventType "tourn"]
[EventRounds "9"]
[EventCountry "RUS"]
[EventCategory "4"]
[SourceTitle "CBM 140 Extra"]
[Source "ChessBase"]
[SourceDate "2011.03.01"]
[SourceVersion "1"]
[SourceVersionDate "2011.03.01"]
[SourceQuality "1"]

1. d4 Nf6 2. c4 e6 3. Nc3 Bb4 4. Nf3 b6 5. Bg5 Bb7 6. e3 h6 7. Bh4 g5 8. Bg3 Ne4 9. Qc2 f5 10. Bd3 0-0 11. d5 exd5 12. cxd5 Bxc3+ 13. bxc3 Na6 14. Bxe4 fxe4 15. Qxe4 Qf6 16. Qc4 b5 17. Qd4 Qxd4 18. Nxd4 Bxd5 19. h4 g4 20. Nxb5 c6 21. Nd4 c5 22. Nb3 Bxg2 23. Rg1 Bf3 24. Nd2 h5 25. Nxf3 Rxf3 26. 0-0-0 Rf5 27. Rd6 Nc7 28. Rxd7 Nb5 29. Kb2 a5 30. a4 Na7 31. Rgd1 Nc6 32. e4 Rf7 33. Rxf7 Kxf7 34. Rd7+ Ne7 35. Rc7 Rc8 36. Rxc8 Nxc8 37. Bc7 Ke6 38. Kc2 c4 39. Kd2 Ne7 40. Bxa5 Kd7 41. Ke3 Ng6 42. Bb4 Nxh4 43. Kf4 Nf3 44. Kf5 Kc6 45. e5 h4 46. Kxg4 Nxe5+ 47. Kxh4 Nd3 48. Bf8 Nxf2 49. Bg7 Nd1 50. Kg3 Nb2 51. Kf3 Nxa4 52. Ke4 Kb5 53. Kd4 1/2-1/2

[Event "Ufa Kopylov Memorial"]
[Site "Ufa"]
[Date "2010.12.25"]
[Round "5"]
[White "Darmin, Dmitry"]
[Black "Jamilov, Robert F"]
[Result "0-1"]
[WhiteElo "2364"]
[BlackElo "2412"]
[PlyCount "80"]
[EventDate "2010.12.21"]
[EventType "tourn"]
[EventRounds "9"]
[EventCountry "RUS"]
[EventCategory "4"]
[SourceTitle "CBM 140 Extra"]
[Source "ChessBase"]
[SourceDate "2011.03.01"]
[SourceVersion "1"]
[SourceVersionDate "2011.03.01"]
[SourceQuality "1"]

1. e4 e5 2. Nf3 Nc6 3. d4 exd4 4. c3 dxc3 5. Bc4 d6 6. Nxc3 Be6 7. Bxe6 fxe6 8. Qb3 Qc8 9. Ng5 Nd8 10. f4 Be7 11. 0-0 Bxg5 12. Qb5+ Qd7 13. Qxg5 Nc6 14. Be3 Nh6 15. f5 exf5 16. Qh5+ Nf7 17. exf5 0-0-0 18. Rac1 Rde8 19. Nd5 Re5 20. Qf3 Rhe8 21. Rc3 Nh6 22. Bxh6 Nd4 23. Rxc7+ Qxc7 24. Nxc7 Nxf3+ 25. Rxf3 R8e7 26. Bxg7 Rxg7 27. Ne6 Rf7 28. g4 Rxe6 29. Rc3+ Kd7 30. fxe6+ Kxe6 31. Re3+ Kd5 32. Kg2 Kd4 33. Re8 d5 34. h4 Kd3 35. g5 d4 36. Kg3 Kc2 37. b4 d3 38. Rc8+ Kd1 39. h5 d2 40. Rd8 Rc7 0-1

[Event "Sterlitamak op"]
[Site "Sterlitamak"]
[Date "2010.06.26"]
[Round "3"]
[White "Idrisova, Roza"]
[Black "Jamilov, Robert F"]
[Result "0-1"]
[WhiteElo "2120"]
[BlackElo "2412"]
[PlyCount "39"]
[EventDate "2010.06.24"]
[EventType "swiss"]
[EventRounds "9"]
[EventCountry "RUS"]
[SourceTitle "CBM 137 Extra"]
[Source "ChessBase"]
[SourceDate "2010.09.01"]
[SourceVersion "1"]
[SourceVersionDate "2010.09.01"]
[SourceQuality "1"]

1. d4 d5 2. c4 Nc6 3. cxd5 Qxd5 4. e3 e5 5. Nc3 Bb4 6. Bd2 Bxc3 7. bxc3 Nf6 8. c4 Qd6 9. d5 Ne7 10. f3 0-0 11. Ne2 e4 12. f4 c6 13. dxc6 Nxc6 14. Ng3 Rd8 15. Be2 Nb4 16. Bc3 Qc7 17. Qc1 Nd3+ 18. Bxd3 exd3 19. Bd4 Be6 20. c5 0-1

[Event "Sterlitamak op"]
[Site "Sterlitamak"]
[Date "2010.06.25"]
[Round "2"]
[White "Jamilov, Robert F"]
[Black "Tupikov, Oleg Vladimirovich"]
[Result "1-0"]
[WhiteElo "2412"]
[BlackElo "1968"]
[PlyCount "81"]
[EventDate "2010.06.24"]
[EventType "swiss"]
[EventRounds "9"]
[EventCountry "RUS"]
[SourceTitle "CBM 137 Extra"]
[Source "ChessBase"]
[SourceDate "2010.09.01"]
[SourceVersion "1"]
[SourceVersionDate "2010.09.01"]
[SourceQuality "1"]

1. e4 c5 2. Nf3 d6 3. c3 Nf6 4. Be2 Nc6 5. d4 cxd4 6. cxd4 e6 7. Nc3 Be7 8. d5 Ne5 9. Nxe5 dxe5 10. Bb5+ Bd7 11. dxe6 fxe6 12. 0-0 0-0 13. Bxd7 Qxd7 14. Be3 Qc6 15. Qb3 b6 16. Rac1 Bc5 17. Bxc5 bxc5 18. f3 Rab8 19. Qa3 c4 20. Rfd1 Qb6+ 21. Kh1 Rfd8 22. Qe7 Rd4 23. Na4 Qc6 24. Nc5 Re8 25. Qxa7 Ra8 26. Qb7 Qxb7 27. Nxb7 Rxa2 28. Nd6 Rxb2 29. Nxc4 Rc2 30. Nxe5 Rdd2 31. Ra1 Ra2 32. h4 g6 33. Rxd2 Rxa1+ 34. Kh2 Kg7 35. Rd6 Ra7 36. Rxe6 h6 37. g4 g5 38. h5 Rc7 39. Rc6 Ra7 40. Nc4 Re7 41. Nd6 1-0